000 00525nam a2200169 a 4500
001 000028222
005 20200930031443.0
008 110407s19uu dr r 000 0 spa d
040 _aDO-SdBNP
_bspa
_cBNPHU
082 _axxx
_bP191r
100 1 _aPané, Ramón
_955212
245 1 0 _aRelación acerca de las antiguedades de los Indios /
_cRamón Pané.
260 _aSanto Domingo :
_bUCE,
_c[19--?].
300 _a[46 p.] ;
_c21 cm.
490 1 _aAntología de nuestra voz
_v42
830 0 _aAntología de nuestra voz
_n42
_955213
999 _c27714
_d27714